| 000 | 01289nam0a2200373 4500 | ||
|---|---|---|---|
| 001 | RU\NLR\BIBL_A\012195934 | ||
| 005 | 20241102041412.0 | ||
| 010 |
_a9785222332146 _95000 |
||
| 021 |
_aRU _b2019-97246 _9КН-П-7142 |
||
| 035 | _a(RuMoRGB)010202271 | ||
| 035 | _a(NLR Aleph) 012195934 | ||
| 090 |
_a10820076 _c10820076 |
||
| 100 | _a20200131d2020 b y0rusy50 ca | ||
| 101 | 0 | _arus | |
| 102 | _aRU | ||
| 105 | _aa z 000zy | ||
| 181 | 0 |
_ai _baxxe |
|
| 182 | 0 | _an | |
| 200 | 1 |
_aМоя семья _eэнциклопедия для малышей в сказках _fЕлена Ульева _g[иллюстрации: Юлия Гурко] |
|
| 203 |
_aТекст _bвизуальный _cнепосредственный |
||
| 210 |
_aРостов-на-Дону _cФеникс _d2020 |
||
| 215 |
_a61, [2] с. _cцв. ил. _d26 |
||
| 225 | 1 | _aМоя первая книжка | |
| 606 |
_aСемья _jИздания для детей _91191632 _3RU\NLR\AUTH\66163240 |
||
| 686 | 0 | _aШ9(2)60=Р7-2 | |
| 686 | 0 |
_aШ9 _bС |
|
| 700 | 1 |
_aУльева _bЕ. А. _gЕлена Александровна |
|
| 702 | 1 |
_aГурко _bЮ. _gЮлия _4040 |
|
| 942 | _cBOOK | ||
| 980 | _aNBR | ||